000 01071nam a2200289 c 4500
003 BLK
005 20180422111120.0
008 180409b bul|||||r ||||||| ||bul||
010 _aKNG00131415000
040 _aBLK
041 _aBUL
_cBUL
080 _aБългарска литература
_b821.163.2
_x-32
_z821.163.2-32
100 1 _aБелев, Кръстю Димитров
_eпърви автор
_9377528
139 _aБелев, Кръстю Димитров
_bБ 34
245 1 0 _aРъцете от слоновата кост
_bРазкази
_cКръстю Димитров Белев.
257 _aBGR
260 София
_bПрофиздат
_c1968
300 _a80 с.
_bс ил.
_c18 см
380 _aX
490 1 _aБиблиотека за работника
_v№ 53
500 _a13 600 тир.
852 _aЦб І 10248
856 4 _qpdf
_u
856 4 _qpdf
_u
942 _cKNG
_n0
944 _aCR
_c18.06.2012
_l18.06.2012 - от С1,Р / 18.06.2012
_kНаталия_Медовщикова
944 _aED
_c18.06.2012
_l18.06.2012 - от С1,Р / 18.06.2012
_k
999 _c125737
_d125737